Somatic embryogenesis in woody plants / (Record no. 33692)

MARC details
000 -LEADER
fixed length control field 02051cam a2200445 a 4500
001 - CONTROL NUMBER
control field 4906041
003 - CONTROL NUMBER IDENTIFIER
control field OSt
005 - DATE AND TIME OF LATEST TRANSACTION
control field 20220328105159.0
008 - FIXED-LENGTH DATA ELEMENTS--GENERAL INFORMATION
fixed length control field 940518m19951999ne a b 001 0 eng
010 ## - LIBRARY OF CONGRESS CONTROL NUMBER
LC control number 94018512
020 ## - INTERNATIONAL STANDARD BOOK NUMBER
International Standard Book Number 0792329392 (set : acidfree paper)
020 ## - INTERNATIONAL STANDARD BOOK NUMBER
International Standard Book Number 0792330358 (v. 1 : acidfree paper)
020 ## - INTERNATIONAL STANDARD BOOK NUMBER
International Standard Book Number 0792330706 (v. 2 : acidfree paper)
020 ## - INTERNATIONAL STANDARD BOOK NUMBER
International Standard Book Number 0792329384 (v. 3 : acidfree paper)
020 ## - INTERNATIONAL STANDARD BOOK NUMBER
International Standard Book Number 0792353404 (v. 4 : acidfree paper)
020 ## - INTERNATIONAL STANDARD BOOK NUMBER
International Standard Book Number 0792355539 (v. 5 : acidfree paper)
035 ## - SYSTEM CONTROL NUMBER
System control number (DLC) 94018512
040 ## - CATALOGING SOURCE
Original cataloging agency DLC
Transcribing agency HU
Modifying agency DLC
050 00 - LIBRARY OF CONGRESS CALL NUMBER
Classification number SD403.5
Item number .S66 1994
082 00 - DEWEY DECIMAL CLASSIFICATION NUMBER
Classification number 635.9/77 SOM 1999
Edition number 20
245 00 - TITLE STATEMENT
Title Somatic embryogenesis in woody plants /
Statement of responsibility, etc. edited by S. Mohan Jain, Pramod K. Gupta, and Ronald J. Newton.
260 ## - PUBLICATION, DISTRIBUTION, ETC.
Place of publication, distribution, etc. Dordrecht ;
-- Boston :
Name of publisher, distributor, etc. Kluwer Academic,
Date of publication, distribution, etc. c1995-c1999.
300 ## - PHYSICAL DESCRIPTION
Extent 5 v. :
Other physical details ill. (some col.) ;
Dimensions 25-26 cm.
490 1# - SERIES STATEMENT
Series statement Forestry sciences ;
Volume/sequential designation v. 44-46, 55, 59
504 ## - BIBLIOGRAPHY, ETC. NOTE
Bibliography, etc. note Includes bibliographical references and indexes.
505 0# - FORMATTED CONTENTS NOTE
Formatted contents note v. 1. History, molecular and biochemical aspects, and applications -- v. 2. Angiosperms -- v. 3. Gymnosperms -- v. 4. [without special title] -- v. 5. [without special title].
650 #0 - SUBJECT ADDED ENTRY--TOPICAL TERM
Topical term or geographic name entry element Trees
General subdivision Somatic embryogenesis.
9 (RLIN) 34236
650 #0 - SUBJECT ADDED ENTRY--TOPICAL TERM
Topical term or geographic name entry element Woody plants
General subdivision Somatic embryogenesis.
9 (RLIN) 34237
650 #0 - SUBJECT ADDED ENTRY--TOPICAL TERM
Topical term or geographic name entry element Plant tissue culture.
9 (RLIN) 15797
700 1# - ADDED ENTRY--PERSONAL NAME
Personal name Jain, S. Mohan.
9 (RLIN) 34238
700 1# - ADDED ENTRY--PERSONAL NAME
Personal name Gupta, Pramod K.
9 (RLIN) 34239
700 1# - ADDED ENTRY--PERSONAL NAME
Personal name Newton, Ronald J.
9 (RLIN) 34240
830 #0 - SERIES ADDED ENTRY--UNIFORM TITLE
Uniform title Forestry sciences ;
Volume/sequential designation v. 44, etc.
9 (RLIN) 4502
856 42 - ELECTRONIC LOCATION AND ACCESS
Materials specified Publisher description
Uniform Resource Identifier <a href="http://www.loc.gov/catdir/enhancements/fy0813/94018512-d.html">http://www.loc.gov/catdir/enhancements/fy0813/94018512-d.html</a>
856 41 - ELECTRONIC LOCATION AND ACCESS
Materials specified Table of contents only
Uniform Resource Identifier <a href="http://www.loc.gov/catdir/enhancements/fy0813/94018512-t.html">http://www.loc.gov/catdir/enhancements/fy0813/94018512-t.html</a>
906 ## - LOCAL DATA ELEMENT F, LDF (RLIN)
a 7
b cbc
c orignew
d 1
e ocip
f 19
g y-gencatlg
942 ## - ADDED ENTRY ELEMENTS (KOHA)
Source of classification or shelving scheme Dewey Decimal Classification
Koha item type Books like text book referance book
Suppress in OPAC No
Holdings
Withdrawn status Lost status Source of classification or shelving scheme Damaged status Not for loan Collection code Home library Current library Shelving location Date acquired Total Checkouts Full call number Barcode Date last seen Copy number Price effective from Koha item type
    Dewey Decimal Classification     Reference Wondo Genet Library Wondo Genet Library General Stacks 03/28/2022   635.9/77 SOM 1999 WGCFNRL00015017 03/28/2022 1 03/28/2022 Books like text book referance book